[Event "Prague op-A 06th"]
[Site "Prague"]
[Date "2007.01.11"]
[Round "1"]
[White "Maxant, Joseph"]
[Black "Zvara, Petr"]
[Result "0-1"]
[WhiteElo "2061"]
[BlackElo "2417"]
[PlyCount "44"]
[EventDate "2007.01.11"]
[EventType "swiss"]
[EventRounds "9"]
[EventCountry "CZE"]
[SourceTitle "CBM 116 Extra"]
[Source "ChessBase"]
[SourceDate "2007.03.07"]
[SourceVersion "1"]
[SourceVersionDate "2007.03.07"]
[SourceQuality "1"]

1. e4 e5 2. Nf3 Nc6 3. d4 exd4 4. Nxd4 Bc5 5. Nxc6 Qf6 6. Qf3 Qxf3 7. gxf3 bxc6 8. Be3 Bb6 9. Nd2 Ne7 10. 0-0-0 0-0 11. Nc4 d6 12. Nxb6 axb6 13. Kb1 Be6 14. b3 f5 15. Rg1 Ng6 16. Bd4 c5 17. exf5 Rxf5 18. Bb2 Rf7 19. Bd3 Nf4 20. c4 Nxd3 21. Rxd3 Bf5 22. Kc2 Rxa2 0-1

[Event "St Jean CC op 0304"]
[Site "St Jean sur Richelieu"]
[Date "2004.01.03"]
[Round "2"]
[White "Maxant, Joseph"]
[Black "Robichaud, Jocelyn"]
[Result "1-0"]
[WhiteElo "1786"]
[BlackElo "1430"]
[PlyCount "41"]
[EventDate "2003.11.??"]
[EventType "swiss"]
[EventRounds "6"]
[EventCountry "CAN"]
[SourceTitle "EXT 2005"]
[Source "ChessBase"]
[SourceDate "2004.11.15"]
[SourceVersion "1"]
[SourceVersionDate "2004.11.15"]
[SourceQuality "1"]

1. Nf3 Nc6 2. d4 d5 3. g3 Nf6 4. Bg2 Bd7 5. 0-0 e6 6. Nc3 Be7 7. Re1 h6 8. Ne5 Nxe5 9. dxe5 Nh7 10. e4 c6 11. Qg4 Qc7 12. Qxg7 0-0-0 13. Qxf7 Bc5 14. Qh5 Rdf8 15. Rf1 Rxf2 16. Rxf2 Qb6 17. Qe2 Rf8 18. Nd1 Ng5 19. Be3 Rxf2 20. Bxf2 dxe4 21. h4 1-0

[Event "St Jean CC op 0304"]
[Site "St Jean sur Richelieu"]
[Date "2004.??.??"]
[Round "5"]
[White "Maxant, Joseph"]
[Black "Boileau, Samuel"]
[Result "1/2-1/2"]
[WhiteElo "1786"]
[BlackElo "1868"]
[PlyCount "102"]
[EventDate "2003.11.??"]
[EventType "swiss"]
[EventRounds "6"]
[EventCountry "CAN"]
[SourceTitle "EXT 2005"]
[Source "ChessBase"]
[SourceDate "2004.11.15"]
[SourceVersion "1"]
[SourceVersionDate "2004.11.15"]
[SourceQuality "1"]

1. e4 c5 2. c3 d6 3. d4 cxd4 4. cxd4 Nc6 5. Nc3 Bd7 6. Nf3 Nf6 7. Bf4 e6 8. Be2 Be7 9. 0-0 0-0 10. d5 Nb8 11. Qb3 b6 12. Rac1 e5 13. Bd2 Bg4 14. h3 Bxf3 15. Bxf3 Nbd7 16. Na4 Nc5 17. Nxc5 bxc5 18. Qa3 a5 19. Qd3 Qb6 20. Rc2 Rfb8 21. Be2 Ne8 22. g4 Nc7 23. Rb1 Nb5 24. Bf1 Nd4 25. Rcc1 Ra7 26. Kg2 Rab7 27. Qa3 Bd8 28. Qa4 Kf8 29. f4 f6 30. f5 Qa7 31. Bc3 g6 32. fxg6 hxg6 33. Bxd4 cxd4 34. Qa3 Be7 35. Rc2 Rc7 36. Qd3 Rbc8 37. Rbc1 Qb7 38. Rxc7 Rxc7 39. Rxc7 Qxc7 40. Qd2 Kg7 41. a4 Qc5 42. Bb5 f5 43. gxf5 gxf5 44. Bd3 f4 45. Kf3 Kf6 46. h4 Qc8 47. Qg2 Qc1 48. Qg5+ Kf7 49. Qh5+ Kg7 50. Qg4+ Kf8 51. Qf5+ Kg7 1/2-1/2

[Event "St Jean CC op 0304"]
[Site "St Jean sur Richelieu"]
[Date "2004.??.??"]
[Round "4"]
[White "Maxant, Joseph"]
[Black "Philipps, Sacha"]
[Result "1-0"]
[WhiteElo "1786"]
[BlackElo "1362"]
[PlyCount "113"]
[EventDate "2003.11.??"]
[EventType "swiss"]
[EventRounds "6"]
[EventCountry "CAN"]
[SourceTitle "EXT 2005"]
[Source "ChessBase"]
[SourceDate "2004.11.15"]
[SourceVersion "1"]
[SourceVersionDate "2004.11.15"]
[SourceQuality "1"]

1. e4 c5 2. Nf3 Nc6 3. Bb5 d6 4. 0-0 g6 5. d4 Bd7 6. c3 cxd4 7. cxd4 Bg7 8. Be3 Nf6 9. Nc3 a6 10. Bxc6 bxc6 11. h3 0-0 12. Re1 Ne8 13. Qd2 Nc7 14. Bh6 f6 15. Bxg7 Kxg7 16. e5 d5 17. Re2 f5 18. Na4 Ne6 19. Ng5 Nxg5 20. Qxg5 e6 21. Qxd8 Rfxd8 22. Rc1 Rdb8 23. a3 g5 24. Rec2 Ra7 25. Nc5 Be8 26. Nd3 Bd7 27. Nb4 Rc8 28. Nxc6 Rac7 29. Nb4 Rxc2 30. Rxc2 Rxc2 31. Nxc2 Bb5 32. f3 h5 33. Kf2 Kf7 34. g3 Bc4 35. f4 g4 36. hxg4 hxg4 37. Ke3 Ke7 38. Kd2 Kd7 39. Kc3 Kc7 40. Ne1 Bf1 41. Nd3 Bxd3 42. Kxd3 Kb6 43. Kc3 Kb5 44. Kb3 Ka5 45. a4 Kb6 46. Kb4 a5+ 47. Ka3 Ka6 48. b4 axb4+ 49. Kxb4 Kb6 50. a5+ Ka6 51. Ka4 Ka7 52. Kb5 Kb7 53. a6+ Ka7 54. Ka5 Ka8 55. Kb6 Kb8 56. Kc6 Ka7 57. Kd6 1-0

[Event "Quebec-ch classe U2000"]
[Site "Repentigny"]
[Date "2003.11.22"]
[Round "2"]
[White "Benoit Deschamps, Jean Marc"]
[Black "Maxant, Joseph"]
[Result "1/2-1/2"]
[WhiteElo "1818"]
[BlackElo "1800"]
[PlyCount "102"]
[EventDate "2003.11.21"]
[EventType "swiss"]
[EventRounds "5"]
[EventCountry "CAN"]
[SourceTitle "EXT 2022"]
[Source "ChessBase"]
[SourceDate "2021.10.06"]
[SourceVersion "1"]
[SourceVersionDate "2021.10.06"]
[SourceQuality "1"]

1. d4 e6 2. c4 f5 3. Nc3 Nf6 4. Bg5 Be7 5. e3 d5 6. Nf3 0-0 7. Bd3 Ne4 8. Bxe7 Qxe7 9. cxd5 Nxc3 10. bxc3 exd5 11. Ne5 Qg5 12. g3 Nd7 13. f4 Qe7 14. Qf3 Nxe5 15. fxe5 Be6 16. 0-0 g6 17. h4 c6 18. Qf4 Rac8 19. Rf2 c5 20. Raf1 cxd4 21. cxd4 h5 22. Qh6 Qg7 23. Qg5 Rf7 24. Kg2 Kh7 25. g4 hxg4 26. h5 Qh6 27. hxg6+ Qxg6 28. Bxf5 Bxf5 29. Rxf5 Rxf5 30. Qxf5 Qxf5 31. Rxf5 Kg6 32. Rf4 b5 33. Rxg4+ Kf7 34. Rf4+ Ke7 35. Rf6 Rc2+ 36. Rf2 Rc3 37. Kf3 a5 38. Kf4 b4 39. e4 Rd3 40. exd5 Rxd4+ 41. Kf5 Rxd5 42. Rh2 a4 43. Rh7+ Kd8 44. Ke6 Rd2 45. Rh4 b3 46. Rxa4 Rxa2 47. Rb4 Rb2 48. Rd4+ Kc8 49. Rd3 Rb1 50. Rh3 Kd8 51. Rd3+ Ke8 1/2-1/2

[Event "St Jean CC-ch"]
[Site "St Jean sur Richelieu"]
[Date "2002.03.20"]
[Round "6"]
[White "Maxant, Joseph"]
[Black "Bellerose, Robert"]
[Result "1-0"]
[WhiteElo "1733"]
[BlackElo "1731"]
[PlyCount "114"]
[EventDate "2002.02.20"]
[EventType "swiss"]
[EventRounds "6"]
[EventCountry "CAN"]
[SourceTitle "EXT 2022"]
[Source "ChessBase"]
[SourceDate "2021.10.06"]
[SourceVersion "1"]
[SourceVersionDate "2021.10.06"]
[SourceQuality "1"]

1. e4 c5 2. c3 d6 3. d4 Nf6 4. dxc5 dxc5 5. Qxd8+ Kxd8 6. e5 Nd5 7. Bc4 e6 8. Nf3 Nb6 9. Be2 Nc6 10. 0-0 h6 11. Re1 a6 12. a4 Nd7 13. Bd3 g5 14. h3 Bg7 15. Na3 Ncxe5 16. Nxe5 Nxe5 17. Bc2 b6 18. f4 gxf4 19. Bxf4 Nd7 20. Nc4 Bf8 21. Rad1 Ke8 22. Be4 Ra7 23. Bc6 Ke7 24. Bd6+ Kf6 25. Bxd7 Bxd6 26. Bxc8 Bg3 27. Re3 Bc7 28. Bd7 Rd8 29. Red3 Rb7 30. Bc6 Rbb8 31. Rxd8 Rxd8 32. Rxd8 Bxd8 33. Kf2 Bc7 34. Kf3 Kg5 35. Na3 f5 36. Bb7 a5 37. Nc4 h5 38. Bc8 Kf6 39. Ne3 h4 40. Nf1 Bd6 41. Ne3 Bg3 42. Bb7 Bb8 43. Bc8 Bg3 44. Nd1 Bc7 45. Nf2 Bd6 46. Nd3 e5 47. Ke3 Kg5 48. Bb7 Bc7 49. Ne1 e4 50. Nc2 Bf4+ 51. Ke2 Bc1 52. b3 Kf6 53. Ne3 Bxe3 54. Kxe3 Ke5 55. Bc8 f4+ 56. Ke2 Kd5 57. Bf5 Ke5 1-0

[Event "St Jean CC-ch"]
[Site "St Jean sur Richelieu"]
[Date "2002.02.20"]
[Round "1"]
[White "Barre, Michel"]
[Black "Maxant, Joseph"]
[Result "0-1"]
[WhiteElo "1969"]
[BlackElo "1661"]
[PlyCount "130"]
[EventDate "2002.02.20"]
[EventType "swiss"]
[EventRounds "6"]
[EventCountry "CAN"]
[SourceTitle "EXT 2022"]
[Source "ChessBase"]
[SourceDate "2021.10.06"]
[SourceVersion "1"]
[SourceVersionDate "2021.10.06"]
[SourceQuality "1"]

1. d4 e6 2. c4 f5 3. g3 c6 4. Bg2 d5 5. cxd5 exd5 6. Nf3 Nf6 7. 0-0 Bd6 8. Bg5 h6 9. Bxf6 Qxf6 10. e3 Be6 11. Qb3 b6 12. Nbd2 0-0 13. Rac1 c5 14. Ne5 Bxe5 15. Bxd5 Bf7 16. dxe5 Qxe5 17. Bxf7+ Rxf7 18. Nc4 Qe6 19. Rfd1 Rd7 20. Qa4 Nc6 21. Nxb6 Rxd1+ 22. Rxd1 Rb8 23. Qc4 Qxc4 24. Nxc4 Rd8 25. Rxd8+ Nxd8 26. Kg2 Kf7 27. Kf3 Nc6 28. e4 Ke6 29. exf5+ Kd5 30. Ne3+ Kd4 31. Ke2 Nb4 32. a3 Nd3 33. Nd1 c4 34. f3 Nc1+ 35. Kd2 Nb3+ 36. Kc2 Na1+ 37. Kd2 Nb3+ 38. Ke1 Kd3 39. g4 Nd4 40. Kf2 Nc2 41. h4 Kd2 42. Nc3 Nd4 43. Ne4+ Kc2 44. Nd6 Kxb2 45. Nxc4+ Kb3 46. Nd6 Kxa3 47. Ke3 Nc6 48. Nb5+ Kb4 49. Nd4 Ne7 50. g5 a5 51. f6 gxf6 52. gxf6 Nd5+ 53. Kd2 Nxf6 54. Nf5 h5 55. Kc2 Kc4 56. Ne3+ Kd4 57. Kd2 a4 58. Nc2+ Kc4 59. Ne3+ Kd4 60. Nc2+ Ke5 61. Ke2 Kf4 62. Kf2 Nd5 63. Ne1 Nb4 64. Ng2+ Ke5 65. Ne3 Kd4 0-1